000 00468pab a2200181 454500
008 180718b1999 xxu||||| |||| 00| 0 eng d
100 _aHunt, Jennifer
245 _aHas work-sharing worked in Germany
260 _c1999
300 _ap.117-48
362 _aFeb
650 _aEmployment - Germany
650 _aUnemployment - Germany
650 _aWork sharing - Germany
650 _aWork sharing
773 _aQuarterly Journal of Economics
909 _a41166
999 _c41166
_d41166